[Event "Plzen op"]
[Site "Plzen"]
[Date "2012.08.21"]
[Round "5"]
[White "Roew, Rolf"]
[Black "Smrckova, Svetlana"]
[Result "1/2-1/2"]
[WhiteElo "1811"]
[BlackElo "1578"]
[PlyCount "66"]
[EventDate "2012.08.18"]
[EventType "swiss"]
[EventRounds "9"]
[EventCountry "CZE"]
[SourceTitle "CBM 150 Extra"]
[Source "ChessBase"]
[SourceDate "2012.10.19"]
[SourceVersion "1"]
[SourceVersionDate "2012.10.19"]
[SourceQuality "1"]

1. e4 c5 2. c3 d6 3. Nf3 Nd7 4. Be2 Ngf6 5. d3 e6 6. 0-0 a6 7. Na3 b5 8. Nc2 Bb7 9. Re1 Qc7 10. Bf4 e5 11. Bg5 c4 12. Rc1 Be7 13. Ne3 cxd3 14. Bxd3 Nc5 15. Bxf6 Bxf6 16. Nd5 Qd8 17. Bc2 0-0 18. h3 Rc8 19. Qe2 Nd7 20. Rcd1 Nb6 21. Nxb6 Qxb6 22. Bb3 Rfd8 23. Bd5 Rc7 24. Bxb7 Qxb7 25. Rd5 Rc5 26. Red1 b4 27. Rxc5 dxc5 28. Rxd8+ Bxd8 29. Nxe5 bxc3 30. bxc3 Bf6 31. f4 Qb1+ 32. Kh2 Qc1 33. Qf3 Qd2 1/2-1/2